Teoretické vymezení a konceptualizace fenoménu slabých a selhávajících států

Teoretické vymedzenie slabých (failed) a zlyhávajúcich (collapsed) štátov. Quasi-states ako opozitum voči zlyhávajúcim štátom. Teoretické prístupy a ekonomické teórie k oslabovaniu štátnej moci. Konflikt a ekonomický rozvoj. Bezpečnostné hrozby a riziká prameniace z oslabovania štátnej moci.

Enregistré dans:
Détails bibliographiques
Auteur principal: Šmíd, Tomáš
Autres auteurs: Vaďura, Vladimír
Format: Chapitre de livre
Langue:tchèque
Sujets:
Tags: Ajouter un tag
Pas de tags, Soyez le premier à ajouter un tag!

MARC

LEADER 00000naa$a2200000$$$4500
001 0095607
005 20231016100708.0
041 0 |a cze 
044 |a CZ 
245 1 0 |a Teoretické vymezení a konceptualizace fenoménu slabých a selhávajících států  |c Tomáš Šmíd, Vladimír Vaďura 
520 |a Teoretické vymedzenie slabých (failed) a zlyhávajúcich (collapsed) štátov. Quasi-states ako opozitum voči zlyhávajúcim štátom. Teoretické prístupy a ekonomické teórie k oslabovaniu štátnej moci. Konflikt a ekonomický rozvoj. Bezpečnostné hrozby a riziká prameniace z oslabovania štátnej moci. 
610 2 0 |a teórie ekonomické 
610 2 0 |a definície 
610 2 0 |a štát 
610 2 0 |a moc štátna 
610 2 0 |a úpadok hospodársky 
610 2 0 |a politika medzinárodná 
100 1 |a Šmíd, Tomáš 
700 1 |a Vaďura, Vladimír